<?xml version="1.0" encoding="UTF-8"?>
<marc:record xmlns:marc="http://www.loc.gov/MARC21/slim">
   <marc:leader>00000nam a2200000 a 4500</marc:leader>
   <marc:datafield ind1="1" ind2=" " tag="100">
      <marc:subfield code="a">Hager, Elisabeth</marc:subfield>
      <marc:subfield code="4">aut</marc:subfield>
      <marc:subfield code="e">Verfasser/-in</marc:subfield>
   </marc:datafield>
   <marc:datafield ind1=" " ind2=" " tag="653">
      <marc:subfield code="a">Österreichische Literatur</marc:subfield>
   </marc:datafield>
   <marc:datafield ind1="0" ind2="0" tag="245">
      <marc:subfield code="a">Fünf Tage im Mai</marc:subfield>
   </marc:datafield>
   <marc:datafield ind1="0" ind2="0" tag="245">
      <marc:subfield code="b">Roman</marc:subfield>
   </marc:datafield>
   <marc:datafield ind1="0" ind2="0" tag="245">
      <marc:subfield code="c">Hager, Elisabeth</marc:subfield>
   </marc:datafield>
   <marc:datafield ind1=" " ind2="1" tag="264">
      <marc:subfield code="a">Stuttgart</marc:subfield>
      <marc:subfield code="b">Klett-Cotta</marc:subfield>
      <marc:subfield code="c">2019</marc:subfield>
   </marc:datafield>
   <marc:datafield ind1=" " ind2=" " tag="250">
      <marc:subfield code="a">1. Aufl.</marc:subfield>
   </marc:datafield>
   <marc:datafield ind1="1" ind2=" " tag="520">
      <marc:subfield code="a">Ein funkelnder Roman über die ungewöhnliche Freundschaft einer jungen Frau mit ihrem Urgroßvater und über die Selbstlosigkeit wahrer Liebe&lt;br/&gt;llly ist ein Wildfang, besitzt einen scharfen Verstand und einen Urgroßvater namens Tatka. Der ist ein Auslaufmodell:&lt;br/&gt;Berserker im Greisengewand, letzter Fassbinder Tirols, Anhänger der untergegangenen K.u.K.-Monarchie und bald schon der älteste Mann im Dorf. Wenn Illy an ihren freien Nachmittagen bei ihm in der Werkstatt sitzt, lauscht er mit seinem guten Ohr ihren Berichten, erzählt vom untergegangenen Kaiserreich und weiht Illy ins Fassbinder-Handwerk ein. Sie wiederum teilt mit ihm jedes Geheimnis, etwa, dass in dem Atlas, den sie gerade erst in der Schule bekommen hat, ein seltsamer Name steht: Tristan Unger. Tatsächlich verliebt sich Illy Jahre später in Tristan, einen Außenseiter, der so gar nicht in die Tiroler Dorfidylle passen will.&lt;br/&gt;Die Eltern verbieten ihr den Umgang, nur Tatka deckt die junge Liebe. Doch Illy erkennt eines Tages selbst, dass sie eine Entscheidung treffen muss. Noch ahnt sie nicht, dass die Konsequenzen dieser Entscheidung sie ein Leben lang begleiten werden.&lt;br/&gt;Illy und ihr Urgroßvater sind ein ungleiches Gespann. Während sich Tatka mit großen Schritten dem Greisenstatus nähert, fängt Illy gerade an, die Welt zu entdecken. Doch ihre freie Zeit verbringen sie am liebsten gemeinsam - ob in der alten Fassbinder-Werkstatt oder auf dem Rücken von Tatkas Moped. Beschwingt und mit großer Wärme erzählt Elisabeth Hager über einen Zeitraum von achtzehn Jahren von fünf Tagen im Mai, an denen die Würfel im Leben der beiden neu fallen.&lt;br/&gt;[Verlagsmeldung]</marc:subfield>
   </marc:datafield>
   <marc:datafield ind1=" " ind2=" " tag="020">
      <marc:subfield code="a">9783608962642</marc:subfield>
      <marc:subfield code="9">9783608962642</marc:subfield>
   </marc:datafield>
   <marc:datafield ind1=" " ind2=" " tag="020">
      <marc:subfield code="a">3608962646</marc:subfield>
      <marc:subfield code="9">3608962646</marc:subfield>
   </marc:datafield>
   <marc:datafield ind1=" " ind2=" " tag="041">
      <marc:subfield code="a">ger</marc:subfield>
   </marc:datafield>
   <marc:datafield ind1=" " ind2=" " tag="338">
      <marc:subfield code="a">Band</marc:subfield>
   </marc:datafield>
   <marc:datafield ind1=" " ind2=" " tag="300">
      <marc:subfield code="a">220 S.</marc:subfield>
   </marc:datafield>
</marc:record>
